| 000 | 00924nam a2200277Ia 4500 | ||
|---|---|---|---|
| 001 | Para_800 | ||
| 003 | CHAP | ||
| 008 | 220125s1993 xx 000 0 und d | ||
| 010 | _a199507 | ||
| 040 | _cCHAP | ||
| 090 | _aPA TESIS 772 | ||
| 100 |
_aSalinas Castro, Alejandro _9101643 |
||
| 245 |
_aControl quimico en maleza en cebada (Hordeum vulgare L.) en el sistema de labranza de concervacion / _c por Alejandro Salinas Castro |
||
| 260 |
_aChapingo, Méx. : _b el autor |
||
| 300 | _a37 h. | ||
| 502 | _aTesis (Ing. Agr. Esp. Parsitología Agrícola) UACh. Departamento Parasitología Agrícola | ||
| 650 |
_aCebada malas hierbas _x Control _9164714 |
||
| 710 |
_aUACh. Departamento Parasitología Agrícola _9164025 |
||
| 901 | _aPA TESIS 772 | ||
| 902 | _aA | ||
| 905 | _a0000001993 0000000000 00 | ||
| 910 | _a1993 | ||
| 942 | _cPARA | ||
| 942 |
_cPARA _d1 |
||
| 999 |
_c199507 _d199507 |
||